Places by nickname #1 - Statistics

General Stats
  • This quiz has been taken 31 times
  • The average score is 15 of 25
Answer Stats
Nickname Place % Correct
City of Angels Los Angeles
97%
Big Apple New York City
97%
Emerald Isle Ireland
90%
Land of the Rising Sun Japan
90%
City of Canals Venice
90%
Lone Star State Texas
86%
Land of the Free United States
83%
Holy Land Israel
79%
Bollywood Mumbai
79%
Saigon Ho Chi Minh City
69%
Land of the Khans Mongolia
69%
Chinese Taipei Taiwan
62%
Land of Silver Argentina
59%
Land of Many Languages Papua New Guinea
59%
Graveyard of Empires Afghanistan
55%
Hermit Kingdom North Korea
52%
Straya Australia
41%
Rainbow Nation South Africa
41%
Land of a Thousand Lakes Finland
34%
Gold Coast Ghana
34%
(The) Rock Gibraltar
34%
Jerusalem of the Balkans Sarajevo
34%
Cradle of Civilization Fertile Crescent
17%
Norn Iron Northern Ireland
17%
Pearl of the Orient Manila
7%
No matching quizzes found
Score Distribution
Percent of People with Each Score
Percentile by Number Answered
Your Score History
You have not taken this quiz